Advise and Consent (Record no. 12305)

000 -LEADER
fixed length control field 00294nam a2200133 4500
082 ## - DEWEY DECIMAL CLASSIFICATION NUMBER
Classification number 813.54
100 ## - MAIN ENTRY--PERSONAL NAME
Personal name Allen Drury
245 ## - TITLE STATEMENT
Title Advise and Consent
260 ## - PUBLICATION, DISTRIBUTION, ETC.
Place of publication, distribution, etc. New York
Name of publisher, distributor, etc. Pocket Books, Inc.
Date of publication, distribution, etc. 1959
300 ## - PHYSICAL DESCRIPTION
Extent 760p.
Accompanying material 18cm.
650 ## - SUBJECT ADDED ENTRY--TOPICAL TERM
Topical term or geographic name entry element Fiction
700 ## - ADDED ENTRY--PERSONAL NAME
Personal name Drury, Allen
942 ## - ADDED ENTRY ELEMENTS (KOHA)
Koha item type Book
Holdings
Withdrawn status Lost status Damaged status Not for loan Collection code Permanent Location Current Location Shelving location Date acquired Source of acquisition Cost, normal purchase price Total Checkouts Full call number Barcode Date last seen Date last checked out Price effective from Koha item type
          Central Library (CL) Central Library (CL) Fiction 10/11/2013 Donation 0.00 1 813.54 DRU SEECSD00968 09/02/2014 07/23/2014 12/24/2013 Book
© 2023 Central Library, National University of Sciences and Technology. All Rights Reserved.